Foutou Quiz - Toutes les variantes du foutoutou - Statistiques

Statistiques générales
  • Ce quiz a été pris 16 fois
  • Le résultat moyen est 5 sur 13
Statistiques - réponses
Hint Réponse % Correct
La version simple, raccourcie Foutou
100%
Un tout, la base Foutoutou
57%
Pour tout donner Foutoutou a fond
29%
Pour motiver les troupes Foutoutou ensemble
29%
Quand tu en abuses Foutoutou excès
29%
Quand c'est vrmt du n'importe quoi Foutoutou Freestyle
29%
Ca devient un peu sal Foutoutou Hardcore
29%
Quand c'est le haut niveau, quelque chose d'incroyable Foutoutou max
29%
Propagateur de bonnes ondes Foutoutou positif
29%
Guinea Pig Foutoutou Snuff
29%
Le verbe Foutoutouter
29%
Quand tu lâches une larme Foutoutou triste
29%
Inspiration DBZ Foutoutou Ultra Instinct
29%
Aucun quiz correspondant
Distribution des résultats
% des personnes avec chaque résultat
Percentile par nombre de réponses
Votre historique - résultats
Vous n’avez pas pris ce quiz